| 000 | 00000cam 2200000zi 4500 |
| 001 | 9.927419 |
| 003 | CaOODSP |
| 005 | 20251117101602 |
| 006 | m o d f |
| 007 | cr |n||||||||| |
| 008 | 230918e202310 onc ob f100 0 fre d |
| 020 | |a9780660679754 |
| 040 | |aCaOODSP|bfre|erda|cCaOODSP |
| 043 | |an-cn-bc|apn----- |
| 086 | 1 |aFs70-4/2023-042F-PDF |
| 245 | 00|aCompte rendu de l'examen par les pairs de la région du Pacifique sur l'évaluation et la classification des estuaires à l'échelle de la côte de la région du Pacifique selon les activités anthropiques et les habitats importants du poisson du 12 au 13 avril 2023, Sidney (Colombie-Britannique) avec option hybride / |cprésidentes : Katie Gale et Laura Sitter, rapporteur : Yvonne Muirhead-Vert. |
| 264 | 1|aOttawa (Ontario) : |bSecrétariat canadien de consultation scientifique (SCCS), |coctobre 2023. |
| 264 | 4|c©2023 |
| 300 | |a1 ressource en ligne (iv, 26 pages). |
| 336 | |atexte|btxt|2rdacontent/fre |
| 337 | |ainformatique|bc|2rdamedia/fre |
| 338 | |aressource en ligne|bcr|2rdacarrier/fre |
| 490 | 1 |aCompte rendu, |x2292-4264 ; |v2023/042 |
| 500 | |aPublié aussi en anglais sous le titre : Proceedings of the Pacific regional peer review on the coastwide evaluation and classification of Pacific region estuaries based on anthropogenic activities and significant fish habitat, April 12-13, 2023, British Columbia with hybrid option. |
| 504 | |aComprend des références bibliographiques. |
| 650 | 6|aEstuaires|xSanté|zColombie-Britannique|xÉvaluation|vCongrès. |
| 650 | 6|aPoissons|xHabitat|zColombie-Britannique|xÉvaluation|vCongrès. |
| 650 | 6|aÉvaluation écologique (Biologie)|zColombie-Britannique|vCongrès. |
| 650 | 6|aÉvaluation des effets cumulatifs (Environnement)|zColombie-Britannique|vCongrès. |
| 700 | 1 |aGale, K. S. P. |
| 710 | 2 |aSecrétariat canadien de consultation scientifique, |eorganisme de publication. |
| 710 | 1 |aCanada. |bMinistère des pêches et des océans. |bRégion du Pacifique, |eorganisme de publication. |
| 775 | 08|tProceedings of the Pacific regional peer review on the coastwide evaluation and classification of Pacific region estuaries based on anthropogenic activities and significant fish habitat, April 12-13, 2023, Sidney, British Columbia with hybrid option / |w(CaOODSP)9.927417 |
| 830 | #0|aCompte rendu (Secrétariat canadien de consultation scientifique)|v2023/042.|w(CaOODSP)9.502879 |
| 856 | 40|qPDF|s411 Ko|uhttps://publications.gc.ca/collections/collection_2023/mpo-dfo/fs70-4/Fs70-4-2023-042-fra.pdf |